|
|
|
|
| LEADER |
02541nam a22004935i 4500 |
| 001 |
978-3-540-77333-7 |
| 003 |
DE-He213 |
| 005 |
20151125161725.0 |
| 007 |
cr nn 008mamaa |
| 008 |
100301s2008 gw | s |||| 0|eng d |
| 020 |
|
|
|a 9783540773337
|9 978-3-540-77333-7
|
| 024 |
7 |
|
|a 10.1007/978-3-540-77333-7
|2 doi
|
| 040 |
|
|
|d GrThAP
|
| 050 |
|
4 |
|a QE1-996.5
|
| 072 |
|
7 |
|a RBG
|2 bicssc
|
| 072 |
|
7 |
|a SCI031000
|2 bisacsh
|
| 082 |
0 |
4 |
|a 551
|2 23
|
| 100 |
1 |
|
|a Pusch, Roland.
|e author.
|
| 245 |
1 |
0 |
|a Geological Storage of Highly Radioactive Waste
|h [electronic resource] :
|b Current Concepts and Plans for Radioactive Waste Disposal /
|c by Roland Pusch.
|
| 264 |
|
1 |
|a Berlin, Heidelberg :
|b Springer Berlin Heidelberg,
|c 2008.
|
| 300 |
|
|
|a XIX, 379 p. 322 illus., 22 illus. in color.
|b online resource.
|
| 336 |
|
|
|a text
|b txt
|2 rdacontent
|
| 337 |
|
|
|a computer
|b c
|2 rdamedia
|
| 338 |
|
|
|a online resource
|b cr
|2 rdacarrier
|
| 347 |
|
|
|a text file
|b PDF
|2 rda
|
| 505 |
0 |
|
|a The Geological Base for Developing and Assessing Concepts for HLW Disposal -- The Rock -- Engineered Barriers and Their Interaction with Rock -- Repository Concepts for HLW Including Spent Fuel and Waste with Long-Lived Radionuclides -- Underground Laboratories (URLs) -- Site Selection -- Risk Assessment.
|
| 520 |
|
|
|a The book describes and assesses current concepts for long-term disposal of highly radioactive waste. Different types of rock are discussed and assessed with respect to practical difficulties in construction of a repository, and the efficiency in isolating radioactive waste. Safety matters are most important and are treated in the respective chapters and in a final, conclusive chapter. Cost issues and related quality matters are discussed for the case of constructing a virgin repository and repositories in the form of converted abandoned mines.
|
| 650 |
|
0 |
|a Earth sciences.
|
| 650 |
|
0 |
|a Geology.
|
| 650 |
|
0 |
|a Nuclear engineering.
|
| 650 |
|
0 |
|a Radiation protection.
|
| 650 |
|
0 |
|a Radiation
|x Safety measures.
|
| 650 |
|
0 |
|a Waste management.
|
| 650 |
1 |
4 |
|a Earth Sciences.
|
| 650 |
2 |
4 |
|a Geology.
|
| 650 |
2 |
4 |
|a Waste Management/Waste Technology.
|
| 650 |
2 |
4 |
|a Effects of Radiation/Radiation Protection.
|
| 650 |
2 |
4 |
|a Nuclear Engineering.
|
| 710 |
2 |
|
|a SpringerLink (Online service)
|
| 773 |
0 |
|
|t Springer eBooks
|
| 776 |
0 |
8 |
|i Printed edition:
|z 9783540773320
|
| 856 |
4 |
0 |
|u http://dx.doi.org/10.1007/978-3-540-77333-7
|z Full Text via HEAL-Link
|
| 912 |
|
|
|a ZDB-2-EES
|
| 950 |
|
|
|a Earth and Environmental Science (Springer-11646)
|